| 000 | 00533nam a22002177a 4500 | ||
|---|---|---|---|
| 003 | OSt | ||
| 005 | 20140701181219.0 | ||
| 008 | 140701b xxu||||| |||| 00| 0 eng d | ||
| 020 | _a0719585929 | ||
| 040 | _cDNLM | ||
| 082 | _aQS504 R784b 1999 | ||
| 100 |
_aRowett H.G.Q _9271 |
||
| 245 |
_aBASIC ANATOMY & PHYSIOLOGY _cRowett H.G.Q |
||
| 250 | _a4th Ed. | ||
| 260 | _aLondon | ||
| 300 |
_a142p _bIll. _c29.5cm |
||
| 500 | _aIncludes: Index, References | ||
| 650 |
_aAnatomy _9124 |
||
| 650 |
_aPhysiology _9215 |
||
| 942 |
_2z _cO_SHELF |
||
| 999 |
_c94 _d94 |
||